Философско-культурологические аспекты в профессиональной подготовке инженера-сварщика; Современные техника и технологии; Т. 2

Detalles Bibliográficos
Parent link:Современные техника и технологии: 12-я международная научно-практическая конференция студентов, аспирантов и молодых ученых, г. Томск, 27 марта - 31 марта 2006 г./ Томский политехнический университет.— , 2006
Т. 2.— 2006.— С. 485-487
Autor Principal: Григорьев В. И.
Outros autores: Седаш Е. Г., Фарутина А. А.
Idioma:ruso
Publicado: 2006
Subjects:
Formato: MixedMaterials Capítulo de libro
KOHA link:https://koha.lib.tpu.ru/cgi-bin/koha/opac-detail.pl?biblionumber=116032

MARC

LEADER 00000naa2a2200000 4500
001 116032
005 20231031123042.0
035 |a (RuTPU)RU\TPU\book\125550 
090 |a 116032 
100 |a 20070517d2006 k y0rusy50 ca 
101 0 |a rus 
102 |a RU 
200 1 |a Философско-культурологические аспекты в профессиональной подготовке инженера-сварщика  |f В. И. Григорьев, Е. Г. Седаш, А. А. Фарутина 
320 |a Библиогр.: 4 назв. 
461 1 |0 (RuTPU)RU\TPU\book\111998  |t Современные техника и технологии  |o 12-я международная научно-практическая конференция студентов, аспирантов и молодых ученых, г. Томск, 27 марта - 31 марта 2006 г.  |o труды в 2 т.  |f Томский политехнический университет  |d 2006 
463 0 |0 (RuTPU)RU\TPU\book\114157  |t Т. 2  |v С. 485-487  |d 2006  |p 518 с. 
610 1 |a культурология 
610 1 |a философия 
610 1 |a подготовка специалистов 
610 1 |a инженеры-сварщики 
610 1 |a сварка 
610 1 |a труды учёных ТПУ 
700 1 |a Григорьев  |b В. И. 
701 1 |a Седаш  |b Е. Г. 
701 1 |a Фарутина  |b А. А. 
801 1 |a RU  |b 63413507  |c 20070517  |g PSBO 
801 2 |a RU  |b 63413507  |c 20141105  |g RCR 
942 |c BK